000 00608nam a2200229 i 4500
001 C2-0078091
003 PPAK
005 20180727082950.0
008 970429s1984 at a|||| ||||| | eng d
040 _aPPAK
_beng
_cPPAK
_erda
082 0 4 _a641.6565
_223
090 0 0 _a641.6565
_bMAL
_dR
100 1 _aMallos, Tess,
_eauthor
245 1 4 _aThe bean cookbook
264 1 _aSydney :
_bLansdowne ,
_c1984
300 _a128 pages :
_billustrations ;
_c28 cm
336 _2rdacontent
_atext
337 _2rdamedia
_aunmediated
338 _2rdacarrier
_avolume
650 1 0 _aCookery (Beans)
942 _ddc
_cB
999 _c12857
_d12857